[Event "Isola del Sole op 4th"]
[Site "Grado"]
[Date "2025.06.27"]
[Round "8"]
[White "Beliman, Alexandro"]
[Black "Sofronie, Iulian"]
[Result "1-0"]
[WhiteElo "2177"]
[BlackElo "2383"]
[PlyCount "49"]
[EventDate "2025.06.22"]
[EventType "swiss"]
[EventRounds "9"]
[EventCountry "ITA"]
[SourceTitle "CB27_2025"]
[SourceDate "2025.07.02"]
[SourceVersion "1"]
[SourceVersionDate "2025.07.02"]
[SourceQuality "1"]

1. d4 Nf6 2. Nf3 e6 3. c4 c5 4. d5 exd5 5. cxd5 d6 6. e4 g6 7. Bd3 Bg7 8. h3 0-0 9. 0-0 b5 10. Bxb5 Nxe4 11. Re1 Nf6 12. Nc3 Bb7 13. Bf4 Na6 14. Qd2 Nc7 15. Bc4 Qd7 16. Ng5 Rab8 17. Ne6 fxe6 18. dxe6 Qc6 19. e7+ Rf7 20. f3 Nce8 21. Bxf7+ Kxf7 22. Rad1 Bc8 23. Bxd6 Rb7 24. Qf4 h6 25. Qc4+ 1-0

[Event "Isola del Sole op 4th"]
[Site "Grado"]
[Date "2025.06.24"]
[Round "4"]
[White "Sukovic, Andrej"]
[Black "Sofronie, Iulian"]
[Result "0-1"]
[WhiteElo "2320"]
[BlackElo "2383"]
[PlyCount "58"]
[EventDate "2025.06.22"]
[EventType "swiss"]
[EventRounds "9"]
[EventCountry "ITA"]
[SourceTitle "CB27_2025"]
[SourceDate "2025.07.02"]
[SourceVersion "1"]
[SourceVersionDate "2025.07.02"]
[SourceQuality "1"]

1. c4 e5 2. g3 Nc6 3. Bg2 Bc5 4. Nc3 a6 5. e3 d6 6. Nge2 Ba7 7. d4 exd4 8. Nxd4 Nxd4 9. exd4 Ne7 10. 0-0 0-0 11. b3 Nf5 12. d5 Qf6 13. Bb2 Re8 14. Qd2 Qg6 15. Rae1 Bd7 16. Re4 Rxe4 17. Nxe4 Re8 18. Re1 h5 19. b4 h4 20. c5 hxg3 21. hxg3 c6 22. Bc3 cxd5 23. Qxd5 Bc6 24. Nf6+ gxf6 25. Rxe8+ Kg7 26. Qd3 Bxe8 27. Be4 Bb5 28. Qd1 dxc5 29. g4 Ne3 0-1

[Event "Isola del Sole op 4th"]
[Site "Grado"]
[Date "2025.06.22"]
[Round "1"]
[White "Sofronie, Iulian"]
[Black "Lasinskas, Povilas"]
[Result "1-0"]
[WhiteElo "2383"]
[BlackElo "2148"]
[PlyCount "65"]
[EventDate "2025.06.22"]
[EventType "swiss"]
[EventRounds "9"]
[EventCountry "ITA"]
[SourceTitle "CB27_2025"]
[SourceDate "2025.07.02"]
[SourceVersion "1"]
[SourceVersionDate "2025.07.02"]
[SourceQuality "1"]

1. d4 Nf6 2. Bf4 e6 3. e3 d5 4. Nd2 Bd6 5. Bg3 b6 6. Ngf3 Bb7 7. Ne5 Nfd7 8. Bd3 0-0 9. f4 f5 10. c3 Qe7 11. Ndf3 Nf6 12. Bh4 Qe8 13. Qe2 a6 14. Rg1 Nbd7 15. g4 Bxe5 16. Nxe5 Nxe5 17. fxe5 Ne4 18. gxf5 Rxf5 19. Bf6 g6 20. Rg2 Bc6 21. Bxe4 dxe4 22. 0-0-0 Bd5 23. b3 a5 24. c4 a4 25. cxd5 axb3 26. Qc4 bxa2 27. Rxa2 b5 28. Qb3 Rxa2 29. Qxa2 exd5 30. Qxd5+ Kf8 31. Qc5+ Kg8 32. Qd5+ Kf8 33. Kb1 1-0

[Event "Bucharest ROM GP"]
[Site "Bucharest"]
[Date "2025.05.10"]
[Round "2"]
[White "Gazdaru, Rares"]
[Black "Sofronie, Iulian"]
[Result "1/2-1/2"]
[WhiteElo "2028"]
[BlackElo "2383"]
[PlyCount "137"]
[EventDate "2025.05.10"]
[EventType "swiss"]
[EventRounds "10"]
[EventCountry "ROU"]
[SourceTitle "CB20_2025"]
[SourceDate "2025.05.14"]
[SourceVersion "1"]
[SourceVersionDate "2025.05.14"]
[SourceQuality "1"]

1. d4 Nf6 2. Nf3 e6 3. g3 c5 4. Bg2 Nc6 5. 0-0 d5 6. b3 cxd4 7. Nxd4 Be7 8. Bb2 0-0 9. c4 Qb6 10. cxd5 exd5 11. Nf3 Be6 12. Nc3 Rfd8 13. Rc1 Ne4 14. Na4 Qa6 15. Nd4 Nxd4 16. Bxd4 Rac8 17. Qd3 Qa5 18. Rxc8 Rxc8 19. Bxe4 dxe4 20. Qe3 b5 21. Nc3 b4 22. Nxe4 Qxa2 23. Nc5 Bxc5 24. Bxc5 Qxb3 25. Qxb3 Bxb3 26. Bxb4 Rc4 27. Bd2 Rc2 28. Rb1 Be6 29. Rb8+ Bc8 30. Bb4 f6 31. Ra8 a6 32. f3 h5 33. Kf2 Rc4 34. Ke3 Kf7 35. Bd2 Rc7 36. Rb8 Bb7 37. Rd8 Ke7 38. Rd4 Ke6 39. h4 Bc6 40. Bb4 Bb5 41. Rd6+ Kf7 42. Rd4 Rc2 43. Rd2 Rc4 44. Rb2 Ke6 45. Bd2 Kd5 46. Ra2 Rc6 47. Kf2 f5 48. Be1 Re6 49. Rc2 g6 50. Bb4 Bc4 51. Ba5 Kc5 52. Bd2 Kb5 53. e3 Bb3 54. Rc8 a5 55. Rb8+ Rb6 56. Rxb6+ Kxb6 57. e4 fxe4 58. fxe4 a4 59. Bc1 Kc5 60. Ke3 Bc2 61. e5 Bf5 62. Kd2 Kb4 63. Bb2 a3 64. Ba1 Kc4 65. Kc1 Kd3 66. e6 Bxe6 67. Kb1 Ke4 68. Bc3 Bb3 69. Ba5 1/2-1/2

[Event "Tata Steel Tienkamp"]
[Site "Wijk aan Zee"]
[Date "2025.01.27"]
[Round "4"]
[White "Beukema, Stefan"]
[Black "Sofronie, Iulian"]
[Result "1-0"]
[WhiteElo "2423"]
[BlackElo "2380"]
[PlyCount "74"]
[EventDate "2025.01.24"]
[EventType "tourn"]
[EventRounds "9"]
[EventCountry "NED"]
[EventCategory "6"]
[SourceTitle "CB06_2025"]
[SourceDate "2025.02.05"]
[SourceVersion "1"]
[SourceVersionDate "2025.02.05"]
[SourceQuality "1"]

1. c4 e5 2. g3 Nc6 3. Bg2 Bc5 4. Nc3 a6 5. e3 d6 6. Nf3 Ba7 7. 0-0 Nge7 8. d4 Ng6 9. dxe5 Ngxe5 10. Nxe5 Nxe5 11. f4 Ng4 12. h3 Nf6 13. g4 Rb8 14. a4 0-0 15. f5 Re8 16. g5 Nd7 17. f6 g6 18. Qe1 Re5 19. Qh4 h5 20. Nd5 c6 21. Ne7+ Rxe7 22. fxe7 Qxe7 23. Kh1 Ne5 24. b4 Be6 25. c5 Re8 26. Bb2 Bb8 27. Bxe5 dxe5 28. Be4 a5 29. Rad1 axb4 30. Rf6 Kg7 31. Rdf1 Rh8 32. Kg1 Bc7 33. Bd3 b3 34. Rxe6 fxe6 35. Rf6 Bd8 36. Qe4 Qe8 37. Rxg6+ Kf8 1-0

[Event "Tata Steel Tienkamp"]
[Site "Wijk aan Zee"]
[Date "2025.01.25"]
[Round "2"]
[White "Holzke, Frank"]
[Black "Sofronie, Iulian"]
[Result "1/2-1/2"]
[WhiteElo "2426"]
[BlackElo "2380"]
[PlyCount "129"]
[EventDate "2025.01.24"]
[EventType "tourn"]
[EventRounds "9"]
[EventCountry "NED"]
[EventCategory "6"]
[SourceTitle "CB06_2025"]
[SourceDate "2025.02.05"]
[SourceVersion "1"]
[SourceVersionDate "2025.02.05"]
[SourceQuality "1"]

1. e4 e5 2. Nf3 Nc6 3. Bb5 a6 4. Ba4 Nf6 5. 0-0 b5 6. Bb3 Bc5 7. a4 Rb8 8. c3 d6 9. d4 Bb6 10. axb5 axb5 11. h3 0-0 12. Re1 Qe8 13. Bg5 Kh8 14. Na3 Na5 15. Ba2 Ng8 16. Qd3 b4 17. Nc4 Nxc4 18. Bxc4 f6 19. Be3 Qh5 20. Nd2 Qg6 21. Kh2 Ne7 22. f3 bxc3 23. bxc3 d5 24. Ba6 dxe4 25. fxe4 Bxa6 26. Rxa6 Nd5 27. Qc4 Nxe3 28. Rxe3 Qh6 29. Re2 exd4 30. cxd4 Rfd8 31. d5 Re8 32. g3 Qh5 33. Kg2 h6 34. Qd3 Rbd8 35. Nf3 Bc5 36. Rc2 Bd6 37. Nh4 Ra8 38. Rca2 Rxa6 39. Rxa6 Bxg3 40. Nf5 Be5 41. Qf3 Qxf3+ 42. Kxf3 Rb8 43. Ra3 Kh7 44. Ne3 Rb2 45. Nc4 Rh2 46. Kg4 Rf2 47. Nxe5 fxe5 48. Ra7 Rf4+ 49. Kg3 Rxe4 50. Rxc7 Rd4 51. Rd7 Kg6 52. Kf3 Kf6 53. Rd8 Rd3+ 54. Ke4 Rd4+ 55. Kf3 Kg5 56. d6 Kh4 57. Rg8 g5 58. Rg6 h5 59. Rh6 Rf4+ 60. Kg2 g4 61. hxg4 Rxg4+ 62. Kf3 Rd4 63. Re6 Rf4+ 64. Ke3 Rd4 65. Kf3 1/2-1/2

[Event "Sitges Sunway op-A 11th"]
[Site "Sitges"]
[Date "2024.12.22"]
[Round "10"]
[White "Sofronie, Iulian"]
[Black "Siddharth, Jagadeesh"]
[Result "1/2-1/2"]
[WhiteElo "2368"]
[BlackElo "2510"]
[PlyCount "91"]
[EventDate "2024.12.12"]
[EventType "swiss"]
[EventRounds "10"]
[EventCountry "ESP"]
[SourceTitle "CB52_2024"]
[SourceDate "2024.12.25"]
[SourceVersion "1"]
[SourceVersionDate "2024.12.25"]
[SourceQuality "1"]

1. d4 Nf6 2. Bf4 d5 3. e3 c5 4. Nc3 cxd4 5. exd4 Bg4 6. f3 Bd7 7. Nb5 Bxb5 8. Bxb5+ Nc6 9. c3 e6 10. Ne2 Bd6 11. Qa4 Qc7 12. Bxd6 Qxd6 13. Nc1 0-0 14. Bxc6 bxc6 15. Nd3 Nd7 16. 0-0 c5 17. dxc5 Nxc5 18. Qb4 Rfc8 19. Nxc5 Rab8 20. Qd4 Qxc5 21. Qxc5 Rxc5 22. Rf2 g5 23. Rd1 Rc4 24. Kf1 a5 25. Rd4 Rxd4 26. cxd4 Kf8 27. Rd2 Ke7 28. Ke2 Kd6 29. Kd3 f6 30. b3 e5 31. Rb2 Rc8 32. b4 Rc4 33. dxe5+ fxe5 34. a3 a4 35. b5 Rc7 36. Rb4 Rb7 37. h4 gxh4 38. Rxa4 Rxb5 39. Rxh4 Rb3+ 40. Ke2 Rxa3 41. Rxh7 Ra2+ 42. Kf1 d4 43. Rh8 Ke7 44. Rb8 Kf6 45. Rd8 Rc2 46. f4 1/2-1/2

[Event "Benidorm op-A"]
[Site "Benidorm"]
[Date "2024.11.02"]
[Round "8"]
[White "Shuvalova, Polina"]
[Black "Sofronie, Iulian"]
[Result "1/2-1/2"]
[WhiteElo "2472"]
[BlackElo "2365"]
[PlyCount "110"]
[EventDate "2024.10.27"]
[EventType "swiss"]
[EventRounds "9"]
[EventCountry "ESP"]
[SourceTitle "CB45_2024"]
[Source "ChessBase"]
[SourceDate "2024.11.06"]
[SourceVersion "1"]
[SourceVersionDate "2024.11.06"]
[SourceQuality "1"]

1. e4 e5 2. Nf3 Nc6 3. Bc4 Nf6 4. Ng5 d5 5. exd5 Na5 6. Bb5+ Bd7 7. Qe2 Be7 8. Nc3 0-0 9. Bxd7 Qxd7 10. Nf3 Rfe8 11. 0-0 Bb4 12. Nxe5 Bxc3 13. bxc3 Qxd5 14. d4 Nd7 15. Bf4 f6 16. Qf3 Nb6 17. c4 Naxc4 18. Nxc4 Qxc4 19. Qb3 c6 20. Bc7 Qxb3 21. axb3 Nd5 22. Ba5 Nf4 23. Rfd1 b6 24. Be1 a5 25. Kf1 Rad8 26. f3 Nd5 27. Rd2 Rd7 28. Bf2 Ne3+ 29. Kg1 Kf7 30. c4 Nf5 31. g4 Ne7 32. Kg2 g5 33. f4 gxf4 34. Kf3 c5 35. Rad1 Red8 36. Kxf4 Ng6+ 37. Ke3 cxd4+ 38. Rxd4 Re7+ 39. Kf3 Ne5+ 40. Kf4 Rc8 41. Ra1 Rc6 42. Rd5 Rce6 43. h3 Re8 44. Kg3 h5 45. gxh5 Rg8+ 46. Kf4 Rg2 47. Bd4 Rd2 48. Bg1 Rb2 49. Rb5 Nd3+ 50. Kg3 Re8 51. Bd4 Rg8+ 52. Kf3 Rh2 53. Rg1 Rxh3+ 54. Ke2 Nf4+ 55. Kf2 Ke8 1/2-1/2

[Event "Benidorm op-A"]
[Site "Benidorm"]
[Date "2024.10.30"]
[Round "4"]
[White "Garcia Fernandez, Victor"]
[Black "Sofronie, Iulian"]
[Result "0-1"]
[WhiteElo "2353"]
[BlackElo "2365"]
[PlyCount "60"]
[EventDate "2024.10.27"]
[EventType "swiss"]
[EventRounds "9"]
[EventCountry "ESP"]
[SourceTitle "CB45_2024"]
[Source "ChessBase"]
[SourceDate "2024.11.06"]
[SourceVersion "1"]
[SourceVersionDate "2024.11.06"]
[SourceQuality "1"]

1. d4 e6 2. c4 f5 3. g3 Nf6 4. Bg2 Bb4+ 5. Nd2 0-0 6. Nh3 d6 7. 0-0 Bxd2 8. Bxd2 Qe7 9. Nf4 c6 10. Nd3 Nbd7 11. Bb4 c5 12. dxc5 dxc5 13. Ba3 e5 14. b4 e4 15. Nxc5 Ne5 16. Qd4 a5 17. b5 Re8 18. Rac1 Qf7 19. f3 b6 20. Na4 Bb7 21. f4 Rad8 22. Qc3 Nf3+ 23. Bxf3 exf3 24. exf3 Re2 25. Rc2 Bxf3 26. Rxf3 Rd1+ 27. Rf1 Qb7 28. Rxe2 Rxf1+ 29. Kxf1 Qh1+ 30. Kf2 Ng4# 0-1

[Event "Benidorm op-A"]
[Site "Benidorm"]
[Date "2024.10.28"]
[Round "2"]
[White "Sofronie, Iulian"]
[Black "Sukhodolskyi, Oleksii"]
[Result "1-0"]
[WhiteElo "2365"]
[BlackElo "2023"]
[PlyCount "67"]
[EventDate "2024.10.27"]
[EventType "swiss"]
[EventRounds "9"]
[EventCountry "ESP"]
[SourceTitle "CB45_2024"]
[Source "ChessBase"]
[SourceDate "2024.11.06"]
[SourceVersion "1"]
[SourceVersionDate "2024.11.06"]
[SourceQuality "1"]

1. d4 Nf6 2. Bf4 g6 3. Nc3 d5 4. e3 Bg7 5. h4 c6 6. Nf3 Nbd7 7. Ne5 Nxe5 8. Bxe5 0-0 9. Be2 Qb6 10. Rb1 h5 11. b4 Ng4 12. Bxg7 Kxg7 13. Qd2 Qc7 14. e4 dxe4 15. Nxe4 Bf5 16. Ng3 Nh6 17. Bxh5 e5 18. Be2 Rad8 19. Qg5 Rxd4 20. Nh5+ Kh7 21. Nf6+ Kg7 22. h5 Qd8 23. hxg6 fxg6 24. Qxh6+ Kxf6 25. g4 Bxc2 26. Rc1 Be4 27. f3 Bd3 28. g5+ Ke7 29. Qg7+ Kd6 30. Bxd3 Rxd3 31. Qxg6+ Kc7 32. Rh7+ Rd7 33. Rd1 Rxh7 34. Qxh7+ 1-0

[Event "Kavala op-A 33rd"]
[Site "Kavala"]
[Date "2024.08.03"]
[Round "7"]
[White "Tarhan, Adar"]
[Black "Sofronie, Iulian"]
[Result "0-1"]
[WhiteElo "2475"]
[BlackElo "2360"]
[PlyCount "54"]
[EventDate "2024.07.29"]
[EventType "swiss"]
[EventRounds "9"]
[EventCountry "GRE"]
[SourceTitle "EXT 2025"]
[Source "ChessBase"]
[SourceDate "2024.10.14"]
[SourceVersion "1"]
[SourceVersionDate "2024.10.14"]
[SourceQuality "1"]

1. e4 e5 2. Nf3 Nc6 3. Bc4 Nf6 4. d3 h6 5. 0-0 d6 6. c3 g5 7. a4 Bg7 8. a5 a6 9. Nbd2 0-0 10. h3 Ne7 11. Re1 Ng6 12. Nf1 c6 13. d4 exd4 14. Qxd4 d5 15. exd5 cxd5 16. Bb3 Be6 17. Bc2 Ne4 18. Qb4 Qd7 19. N1d2 Bxh3 20. gxh3 Qxh3 21. Nxe4 dxe4 22. Qxe4 Rae8 23. Qf5 g4 24. Rxe8 Rxe8 25. Bb3 Kh8 26. Qxf7 gxf3 27. Qxe8+ Nf8 0-1

[Event "Bucharest Grand Prix op"]
[Site "Bucharest"]
[Date "2024.03.24"]
[Round "5"]
[White "Craciun, Sasha Matei"]
[Black "Sofronie, Iulian"]
[Result "1/2-1/2"]
[WhiteElo "2169"]
[BlackElo "2395"]
[PlyCount "318"]
[EventDate "2024.03.23"]
[EventType "swiss (rapid)"]
[EventRounds "10"]
[EventCountry "ROU"]
[SourceTitle "CBM 219 Extra"]
[Source "ChessBase"]
[SourceDate "2024.05.31"]
[SourceVersion "1"]
[SourceVersionDate "2024.05.31"]
[SourceQuality "1"]

1. e4 e5 2. Nf3 Nc6 3. Bb5 a6 4. Ba4 Nge7 5. 0-0 Ng6 6. Re1 Be7 7. Nc3 0-0 8. Nd5 b5 9. Bb3 Na5 10. d4 Nxb3 11. axb3 d6 12. Be3 Bb7 13. c4 f5 14. exf5 Rxf5 15. Qd3 Rf8 16. Qe4 c6 17. Nxe7+ Qxe7 18. Bg5 Qf7 19. Qe2 Rae8 20. dxe5 Nxe5 21. Nxe5 Rxe5 22. Qd2 c5 23. Rxe5 dxe5 24. Qe3 bxc4 25. bxc4 Qxc4 26. Qxe5 Qg4 27. Qg3 Qe6 28. h3 h6 29. Be3 Kh7 30. Rd1 Rf6 31. Qg4 Qc6 32. f3 Rg6 33. Qe4 Qc7 34. Qf4 Qxf4 35. Bxf4 Bxf3 36. Rd2 c4 37. Kf1 Be4 38. g3 Rb6 39. Be5 Bd3+ 40. Kf2 a5 41. Ke3 g5 42. Rf2 Kg6 43. h4 Bf5 44. h5+ Kxh5 45. Rxf5 Kg4 46. Rf8 a4 47. Rc8 Rb3+ 48. Kf2 a3 49. Rxc4+ Kh3 50. bxa3 Rxa3 51. Rc2 h5 52. Kg1 h4 53. gxh4 Kxh4 54. Kg2 Ra4 55. Bg3+ Kg4 56. Bf2 Rb4 57. Be3 Ra4 58. Rd2 Re4 59. Kf2 Ra4 60. Rd5 Ra2+ 61. Bd2 Kh4 62. Ke3 g4 63. Kf2 Rb2 64. Kg1 Kh3 65. Rh5+ Kg3 66. Be1+ Kf3 67. Rf5+ Ke4 68. Rf8 Rb3 69. Kg2 Rf3 70. Rg8 Kf5 71. Bd2 Rd3 72. Rf8+ Kg6 73. Be1 Rf3 74. Ra8 Kf5 75. Ra5+ Kg6 76. Bh4 Rf5 77. Ra6+ Kh5 78. Bf2 Rd5 79. Be3 g3 80. Kxg3 Rd6 81. Ra5+ Kg6 82. Kf4 Rf6+ 83. Kg4 Rc6 84. Bf4 Rb6 85. Rh5 Rb4 86. Rh6+ Kg7 87. Ra6 Rb5 88. Bc7 Kf7 89. Kf4 Ke7 90. Be5 Kd7 91. Ke4 Ke7 92. Rc6 Kd7 93. Rh6 Rb4+ 94. Kd5 Rb5+ 95. Kd4 Rb4+ 96. Kc5 Rb1 97. Bd4 Ke7 98. Kd5 Rb5+ 99. Ke4 Kd7 100. Be5 Rb1 101. Rd6+ Ke7 102. Rc6 Kd7 103. Ra6 Rb4+ 104. Bd4 Rb5 105. Rh6 Rg5 106. Be5 Rg1 107. Kd5 Rd1+ 108. Bd4 Re1 109. Rd6+ Ke7 110. Rg6 Kd7 111. Ra6 Rc1 112. Ra7+ Rc7 113. Ra2 Rc1 114. Re2 Rh1 115. Rg2 Re1 116. Rg6 Re2 117. Bc3 Re3 118. Rg7+ Re7 119. Rg3 Re2 120. Bb4 Kc7 121. Bc5 Rd2+ 122. Bd4 Kb7 123. Rg7+ Ka6 124. Kc4 Rc2+ 125. Kd5 Rh2 126. Ra7+ Kb5 127. Rb7+ Ka6 128. Rb6+ Ka5 129. Rc6 Kb5 130. Rb6+ Ka5 131. Rb8 Rc2 132. Rb1 Ka6 133. Bc5 Ka5 134. Rb3 Ka4 135. Rd3 Kb5 136. Rb3+ Ka4 137. Rb1 Rd2+ 138. Kc4 Rc2+ 139. Kd4 Rh2 140. Kc3 Ka5 141. Bd4 Ka6 142. Rb6+ Ka5 143. Rb8 Ka6 144. Kc4 Rc2+ 145. Kd5 Ka5 146. Bc5 Ka4 147. Kd4 Rc1 148. Rb2 Rd1+ 149. Kc4 Rc1+ 150. Kd5 Rd1+ 151. Bd4 Rc1 152. Ke4 Ka3 153. Rb8 Rh1 154. Kd3 Rh3+ 155. Kc4 Ka2 156. Rb2+ Ka3 157. Rb1 Ka4 158. Kd5 Ka3 159. Kc4 Ka4 1/2-1/2

[Event "Prague op"]
[Site "Prague"]
[Date "2024.03.07"]
[Round "9"]
[White "Belenkaya, Dina"]
[Black "Sofronie, Iulian"]
[Result "0-1"]
[WhiteElo "2164"]
[BlackElo "2395"]
[PlyCount "76"]
[EventDate "2024.02.28"]
[EventType "swiss"]
[EventRounds "9"]
[EventCountry "CZE"]
[SourceTitle "CBM 219 Extra"]
[Source "ChessBase"]
[SourceDate "2024.05.31"]
[SourceVersion "1"]
[SourceVersionDate "2024.05.31"]
[SourceQuality "1"]

1. d4 Nf6 2. c4 g6 3. Nc3 Bg7 4. e4 d6 5. Nf3 0-0 6. Bd3 e5 7. d5 a5 8. 0-0 Na6 9. Bc2 h6 10. a3 Bd7 11. Rb1 Nh5 12. Ne1 Nf4 13. Ne2 Nxe2+ 14. Qxe2 a4 15. Nd3 f5 16. exf5 gxf5 17. Qd1 Qe8 18. Re1 Qg6 19. b4 axb3 20. Rxb3 b6 21. Nb4 Nxb4 22. Rg3 Qf6 23. axb4 Ra1 24. Qd2 e4 25. Bd1 f4 26. Rb3 e3 27. Qb2 exf2+ 28. Qxf2 Rxc1 29. Rd3 Rxc4 30. b5 Rd4 31. Bc2 Rxd3 32. Bxd3 Qd4 33. Qxd4 Bxd4+ 34. Kf1 Bf5 35. Bc4 Kf7 36. Be2 Kf6 37. Rc1 Ra8 38. Ke1 Ra1 0-1

[Event "Krakow op-A 34th"]
[Site "Krakow"]
[Date "2023.12.31"]
[Round "5"]
[White "Sofronie, Iulian"]
[Black "Gkavardinas, Antonios"]
[Result "1-0"]
[WhiteElo "2438"]
[BlackElo "2141"]
[PlyCount "103"]
[EventDate "2023.12.27"]
[EventType "swiss"]
[EventRounds "9"]
[EventCountry "POL"]
[SourceTitle "CBM 218 Extra"]
[Source "ChessBase"]
[SourceDate "2024.03.31"]
[SourceVersion "1"]
[SourceVersionDate "2024.03.31"]
[SourceQuality "1"]

1. d4 d5 2. Bf4 Nf6 3. e3 c5 4. c3 Nc6 5. Nd2 Bf5 6. Ngf3 e6 7. Qb3 Qb6 8. Qxb6 axb6 9. Bb5 Nd7 10. 0-0 Be7 11. Rfe1 0-0 12. h3 h6 13. a3 Rfc8 14. Rad1 Nf6 15. Bf1 c4 16. g4 Bh7 17. Bg2 Ra5 18. Bf1 Kf8 19. Ne5 Nxe5 20. Bxe5 Nd7 21. Bg3 Raa8 22. e4 b5 23. exd5 exd5 24. Bg2 Nf6 25. Be5 Rd8 26. Nf1 Rd7 27. Ne3 Rad8 28. f3 Bd3 29. Kf2 Ne8 30. Bg3 Bd6 31. h4 g5 32. Rh1 Bxg3+ 33. Kxg3 Kg7 34. hxg5 hxg5 35. f4 Nc7 36. fxg5 Ne6 37. Rh5 Bg6 38. Nf5+ Kg8 39. Rh6 Nxg5 40. Rdh1 Nh7 41. Bxd5 Rxd5 42. Ne7+ Kg7 43. Nxg6 Ng5 44. Ne7 Ne4+ 45. Kf4 Nf2 46. R1h2 Nd3+ 47. Kg3 Rg5 48. Nf5+ Kf8 49. Rb6 Rd7 50. Rxb5 Rc7 51. Rd5 Rc8 52. Rh8+ 1-0

[Event "Sebes GP op"]
[Site "Sebes"]
[Date "2023.11.05"]
[Round "7"]
[White "Obada, Ema"]
[Black "Sofronie, Iulian"]
[Result "0-1"]
[WhiteElo "2035"]
[BlackElo "2438"]
[PlyCount "62"]
[EventDate "2023.11.04"]
[EventType "swiss"]
[EventRounds "10"]
[EventCountry "ROU"]
[SourceTitle "CBM 217 Extra"]
[Source "ChessBase"]
[SourceDate "2024.01.31"]
[SourceVersion "1"]
[SourceVersionDate "2024.01.31"]
[SourceQuality "1"]

1. e4 e5 2. Nf3 Nc6 3. Bc4 Nf6 4. d3 h6 5. 0-0 d6 6. c3 g6 7. Re1 Bg7 8. Nbd2 0-0 9. d4 Nh5 10. Nb3 Qf6 11. h3 Nf4 12. Bxf4 Qxf4 13. Nc1 Qf6 14. Bb5 exd4 15. Bxc6 dxc3 16. bxc3 bxc6 17. Ne2 c5 18. Qd3 Bb7 19. Nd2 Rfe8 20. Rab1 Bc6 21. c4 Rab8 22. Rb3 a5 23. Reb1 Rb4 24. a3 Rxb3 25. Rxb3 Qe7 26. f3 f5 27. Ng3 Qg5 28. Ndf1 Be5 29. f4 Qxf4 30. exf5 Bd4+ 31. Kh1 Qf2 0-1

[Event "Sebes GP op"]
[Site "Sebes"]
[Date "2023.11.05"]
[Round "8"]
[White "Sofronie, Iulian"]
[Black "Srinath, Rao SV"]
[Result "0-1"]
[WhiteElo "2438"]
[BlackElo "2260"]
[PlyCount "82"]
[EventDate "2023.11.04"]
[EventType "swiss"]
[EventRounds "10"]
[EventCountry "ROU"]
[SourceTitle "CBM 217 Extra"]
[Source "ChessBase"]
[SourceDate "2024.01.31"]
[SourceVersion "1"]
[SourceVersionDate "2024.01.31"]
[SourceQuality "1"]

1. d4 Nf6 2. Bf4 g6 3. Nc3 d5 4. e3 Bg7 5. h4 h5 6. Nf3 c5 7. Ne5 0-0 8. Be2 cxd4 9. exd4 Nc6 10. Qd2 Bf5 11. f3 Qb6 12. Nxc6 Qxc6 13. Be5 Rfc8 14. Rc1 a6 15. Nd1 Qe6 16. c3 b5 17. a3 Bf8 18. Bf4 Ne8 19. Ne3 Nd6 20. Bxd6 Bh6 21. Be5 f6 22. Rd1 fxe5 23. dxe5 Bf4 24. Kf2 Rd8 25. g3 Bxe5 26. f4 Be4 27. fxe5 Rf8+ 28. Kg1 Bxh1 29. Kxh1 Qh3+ 30. Kg1 Qxg3+ 31. Ng2 e6 32. Qd4 Rf5 33. Rd3 Qxe5 34. Qxe5 Rxe5 35. Rd2 Rf8 36. Bd3 g5 37. hxg5 Rxg5 38. Kh2 Rf3 39. Bc2 Kf7 40. Bd1 Rf1 41. Be2 Rf2 0-1

[Event "Sebes GP op"]
[Site "Sebes"]
[Date "2023.11.04"]
[Round "4"]
[White "Sofronie, Iulian"]
[Black "Osianu, Tudor"]
[Result "1-0"]
[WhiteElo "2438"]
[BlackElo "1922"]
[PlyCount "93"]
[EventDate "2023.11.04"]
[EventType "swiss"]
[EventRounds "10"]
[EventCountry "ROU"]
[SourceTitle "CBM 217 Extra"]
[Source "ChessBase"]
[SourceDate "2024.01.31"]
[SourceVersion "1"]
[SourceVersionDate "2024.01.31"]
[SourceQuality "1"]

1. d4 g6 2. e4 d6 3. Nc3 Bg7 4. Be3 c6 5. Qd2 Nd7 6. f3 Ngf6 7. Bh6 0-0 8. h4 Qc7 9. h5 e5 10. Bxg7 Kxg7 11. hxg6 fxg6 12. dxe5 Nxe5 13. 0-0-0 Nf7 14. g4 Qa5 15. Nge2 b5 16. g5 Nh5 17. f4 b4 18. Nb1 Bg4 19. Rh4 Bxe2 20. Bxe2 Ng3 21. Bc4 Rae8 22. Qh2 Nh5 23. Nd2 d5 24. exd5 cxd5 25. Bb3 Qb5 26. f5 Qe2 27. Qc7 Qe5 28. Qxa7 Qxf5 29. Qd4+ Qe5 30. Qxb4 Qxg5 31. Rhh1 Re4 32. Qb7 Ng3 33. Rhe1 Rfe8 34. Rxe4 Rxe4 35. Qxd5 Qxd5 36. Bxd5 Ne2+ 37. Kb1 Rd4 38. c4 Nd6 39. Bf3 Nxc4 40. Bxe2 Rxd2 41. Rxd2 Nxd2+ 42. Kc2 Ne4 43. a4 Kf6 44. a5 Nd6 45. a6 Nc8 46. Kc3 Ke6 47. Bg4+ 1-0

[Event "Jupiter FISCA op"]
[Site "Jupiter"]
[Date "2023.06.20"]
[Round "4"]
[White "Cioara, Andrei Nestor"]
[Black "Sofronie, Iulian"]
[Result "1/2-1/2"]
[WhiteElo "2409"]
[BlackElo "2449"]
[PlyCount "28"]
[EventDate "2023.06.13"]
[EventType "swiss"]
[EventRounds "9"]
[EventCountry "ROU"]
[SourceTitle "EXT 2024"]
[Source "ChessBase"]
[SourceDate "2023.10.10"]
[SourceVersion "1"]
[SourceVersionDate "2023.10.10"]
[SourceQuality "1"]

1. b3 d5 2. Bb2 Nf6 3. e3 c6 4. Nf3 Bf5 5. c4 e6 6. Be2 Be7 7. 0-0 0-0 8. d3 Nbd7 9. Nh4 Bg6 10. Nd2 a5 11. a3 Nc5 12. Nxg6 hxg6 13. Qc2 Bd6 14. Rfc1 Rc8 1/2-1/2